Vláda sa pohráva s veľkými rizikami štátny rozpočet na rok 2002 neumožnil dostatočne ...

Bibliographic Details
Main Authors: Višváder, Peter (Author), Pardubský, Lukáš (Author)
Format: Article
Language:Slovak
PhysicalDescription:Fotogr.
Subjects:

MARC

LEADER 00000nab a2200000 a 4500
001 vtls000779027
003 SK-MaSNL
005 20260302152546.0
008 180205c2001 xo 0 slo
015 |a SNBRB2002/01-00711 
035 |a CLN000130798 
040 |a SNKBUCL  |b slo  |c SNKBUCL  |e AACR2 
041 0 |a slo 
044 |a xo  |c SK 
080 |a 336.12(437.6)  |2 UDC-MRF-SK2 
100 1 |a Višváder, Peter  |4 aut  |9 267696 
245 1 0 |a Vláda sa pohráva s veľkými rizikami  |b štátny rozpočet na rok 2002 neumožnil dostatočne ...  |c Peter Višváder, Lukáš Pardubický 
300 |b Fotogr. 
650 0 7 |a rozpočet štátny  |z Slovensko  |y 2002  |2 snkbucl  |9 846088 
655 7 |a články z novín a časopisov  |2 snkbucl  |9 267496 
700 1 |a Pardubský, Lukáš  |4 aut  |9 838434 
773 0 |t Národná obroda  |g Roč. 12, č. 289 (17.12.2001), s. 5 
850 |a Slovenská národná knižnica v Martine 
852 |a SNK  |b KIS3GCP 
958 |a RBX 
999 |c 1362954  |d 1364884